LEADER 01374nam 2200373 a 450 001 9910700767303321 005 20120607155129.0 035 $a(CKB)5470000002411332 035 $a(OCoLC)794935242 035 $a(EXLCZ)995470000002411332 100 $a20120607d2002 ua 0 101 0 $aeng 135 $aurbn||||||||| 181 $ctxt$2rdacontent 182 $cc$2rdamedia 183 $acr$2rdacarrier 200 10$aVideo quality measurement techniques$b[electronic resource] /$fStephen Wolf, Margaret Pinson 210 1$a[Boulder, Colo.] :$cU.S. Dept. of Commerce, National Telecommunications and Information Administration,$d[2002] 215 $a1 online resource (xiv, 113 pages) $cillustrations (some color) 225 1 $aNTIA report ;$v02-392 300 $aTitle from title screen (viewed on June 7, 2012). 300 $a"June 2002." 320 $aIncludes bibliographical references (pages 94-96). 606 $aDigital video$xMeasurement 615 0$aDigital video$xMeasurement. 700 $aWolf$b Stephen$c(Writer on Digital video)$01398405 701 $aPinson$b Margaret$01381288 712 02$aUnited States.$bNational Telecommunications and Information Administration. 801 0$bGPO 801 1$bGPO 906 $aBOOK 912 $a9910700767303321 996 $aVideo quality measurement techniques$93461583 997 $aUNINA